Политически речи (Запис номер 95603)
[ съкратено ]
| 000 -Лидер | |
|---|---|
| Контролно поле с фиксирана дължина | 01881nam a2200397 c 4500 |
| 003 - Код на организацията, давaща контролен номер | |
| Контролно поле | BLK |
| 005 - Дата и час на последна редакция | |
| Контролно поле | 20190117101003.0 |
| 008 - Елементи от данни с фиксирана дължина | |
| fixed length control field | 180409b bul|||||r ||||||| ||bul|| |
| 010 ## - Наследен системен номер | |
| LC control number | KNG00100463000 |
| 020 ## - Международен стандартен номер на книга ISBN | |
| Международен стандартен номер на книга ISBN | 954-90925-6-9 |
| -- | издат.: Жар птица |
| 040 ## - Източник на каталожния запис | |
| Идентификатор на билиотеката - собственик на записа | BLK |
| 041 ## - Код за език | |
| Код за езика на текст/звукозапис или на отделно заглавие | Български |
| Код за езика КДБФ | Български |
| 080 ## - УДК | |
| Текстов определител УДК | Националсоциализъм |
| УДК код - определител по УДК | 321.64:329.18 |
| УДК определител | (430)(042) |
| УДК - код + определител | 321.64:329.18(430)(042) |
| 080 ## - УДК | |
| Текстов определител УДК | История на Германия |
| УДК код - определител по УДК | 94(430) |
| УДК определител | (042) |
| УДК - код + определител | 94(430)(042) |
| 100 1# - Редна дума - Автор | |
| Автор | Гьобелс, Йозеф |
| Авторска отговорност | първи автор |
| R(LIN) | 306458 |
| 139 ## - Редно поле | |
| Редна дума | Гьобелс, Йозеф |
| Авторски знак | Гън - Г 97 |
| 245 10 - Сведения за заглавието | |
| Заглавие | Политически речи |
| Редно поле (дума) | Йозеф Гьобелс; прев. от нем. М. Беловеждова; предг. от Николай Поппетров. |
| 257 ## - Страна на издаване | |
| Страна на създаване/издаване | Германия |
| 260 ## - Област на издателските данни | |
| -- | София |
| Име на издателя, разпространителя и проч. | Жар птица |
| Година на издаване | 2001 |
| Печатница | София : П. Славейков |
| 300 ## - Физическа характеристика | |
| Страници | 254 с. |
| Размери/Мащаб | 20 см |
| 380 ## - Жанр | |
| Жанр | Обществени науки |
| 500 ## - Общи забележки | |
| Забележка | Ориг. загл. Die Zeit ohne Beispiel / Josef Geobbels. - Пълното име на прев. е Минка Беловеждова-Вюрцингер. - 1. изд. 1943 в Библ. Нова Европа. - Съдържа и Д-р Йозеф Гьобелс - личност и дело / Любомир Владикин. |
| 650 #4 - Допълнително описание по предмет – тема | |
| Основно описание – тема или топоним | Фашизъм - Германия |
| 9 (RLIN) | 243417 |
| 650 #4 - Допълнително описание по предмет – тема | |
| Основно описание – тема или топоним | Националсоциализъм - Германия |
| 9 (RLIN) | 163821 |
| 650 #4 - Допълнително описание по предмет – тема | |
| Основно описание – тема или топоним | Германия - история, нова |
| 9 (RLIN) | 243416 |
| 653 ## - Ключова дума – ненормативна | |
| Ключова дума | фашизъм |
| 653 ## - Ключова дума – ненормативна | |
| Ключова дума | националсоциализъм |
| 653 ## - Ключова дума – ненормативна | |
| Ключова дума | Германия |
| 700 1# - Други автори (авторска отговорност) | |
| Лично име | Беловеждова, М. |
| Автороска отговорност (Описва отношението между автора и произведението) | прев. от нем. |
| 9 (RLIN) | 37880 |
| 700 1# - Други автори (авторска отговорност) | |
| Лично име | Поппетров, Николай |
| Автороска отговорност (Описва отношението между автора и произведението) | предг. от |
| 9 (RLIN) | 306459 |
| 852 ## - Местоположение | |
| Форматна сигнатура | Цб 210850 |
| 856 4# - Електронен адрес и достъп | |
| Електронен формат | pdf - файл |
| Път до файла /url/ | |
| 856 4# - Електронен адрес и достъп | |
| Електронен формат | pdf - файл |
| Път до файла /url/ | |
| 942 ## - АРТИКУЛИ | |
| Вид на библиотечния материал | Книги |
| Скрит в OPAC | Не |
| Koha issues (borrowed), all copies | 1 |
| 944 ## - СЪЗДАВАНЕ И РЕДАКЦИЯ на ЗАПИСА | |
| Създаване/Редакция | Създаване |
| Дата на регистрацията/редакция | 01.01.2001 |
| Служител, извършил регистрацията/редакцията | Цветанка_Енчева |
| 944 ## - СЪЗДАВАНЕ И РЕДАКЦИЯ на ЗАПИСА | |
| Създаване/Редакция | Редакция |
| Дата на регистрацията/редакция | 14.06.2004 |
| Служител, извършил регистрацията/редакцията | |
| 999 ## - СИСТЕМНИ КОНТРОЛНИ НОМЕРА | |
| Koha biblionumber | 95603 |
| Koha biblioitemnumber | 95603 |
| Код за отписване | Код за изгубен артикул | Източник на класификационната схема | Код за повреда | Коз за рестрикции | Код за отдаване | Артикулен № | Име на библиотеката - собственик | Име на библиотеката, в която се намира в момента | Статус (Текущо местоположение) | Дата на вписване в системата | Местоположение - отдел | Цена в лева | Инвентарен номер | Систематично азбучна сигнатура | Баркод | Номер на екземпляра | Цена в евро | Служебна бележка | Служебен тип на артикула |
|---|---|---|---|---|---|---|---|---|---|---|---|---|---|---|---|---|---|---|---|
| Не е изгубен | Universal Decimal Classification | Не е повреден | без рестрикции | заемане за дома | 153410 | Регионална библиотека "Любен Каравелов" Русе | Регионална библиотека "Любен Каравелов" Русе | Заемна - подръчен фонд | 2002-02-25 | Заемна - подръчен фонд | 8.00 | 120000668816 | П 32/Г 97 | 120000668816 | 1 | 4.09 | Дост: Pk Вид: Ф N: 1 Дата: 22.02.2002 Дата инв: 02.02.2018 Бележки инв: П2018 | Книги | |
| Не е изгубен | Не е повреден | без рестрикции | ползва се в читалня | 153411 | Регионална библиотека "Любен Каравелов" Русе | Регионална библиотека "Любен Каравелов" Русе | Хранилище | 2003-04-10 | Хранилище | 8.00 | 120000675704 | Цб 210850 | 120000675704 | 2 | 4.09 | Дост: Dp Вид: Д N: 25 Дата: 10.06.2002 | Книги |